000 00635nam a22001937a 4500
005 20260102122329.0
010 _aENG-147394-395
020 _c1000.00
035 _aEN-130926-927
037 _bDBAD
082 _a230.2
_21
245 _aSrimad Bhagavad Gita:
_bEncyclopedia of the Lord's Teachings to Humaity/
_cTranslated By Gayatri Shenoy
250 _a1
260 _aMumbai
_bRitanjan Publications
_c2012
270 _bMumbai
_a2203, Rushabh J.B. Road, Sewri west
_e400015
_k+91-22-24157080
300 _axxx, 845p.
_c25cm(hb)
700 _aShenoy, Gayatri
_eTranslator
_986201
942 _2ddc
_cEN
_mSRI
_h230.2
999 _c214001
_d214001